<?xml version="1.0" encoding="UTF-8"?>
<record
    xmlns:xsi="http://www.w3.org/2001/XMLSchema-instance"
    xsi:schemaLocation="http://www.loc.gov/MARC21/slim http://www.loc.gov/standards/marcxml/schema/MARC21slim.xsd"
    xmlns="http://www.loc.gov/MARC21/slim">

  <leader>01153nam a22002417a 4500</leader>
  <controlfield tag="008">151127s2011    mx ap||| |||| 001 0 spa d</controlfield>
  <datafield tag="020" ind1=" " ind2=" ">
    <subfield code="a">9789688608838</subfield>
  </datafield>
  <datafield tag="050" ind1=" " ind2="4">
    <subfield code="a">BF109.F7 </subfield>
    <subfield code="b">A77</subfield>
  </datafield>
  <datafield tag="100" ind1="1" ind2=" ">
    <subfield code="a">Arregui, Martha</subfield>
    <subfield code="e">, autor.</subfield>
    <subfield code="9">7945</subfield>
  </datafield>
  <datafield tag="245" ind1="1" ind2="0">
    <subfield code="a">Sigmund Freud</subfield>
    <subfield code="b">: el detective de la mente</subfield>
    <subfield code="c">/ Martha Arregui, Martha Saslavsky.</subfield>
  </datafield>
  <datafield tag="260" ind1="3" ind2=" ">
    <subfield code="a">M&#xE9;xico</subfield>
    <subfield code="b">: Pax</subfield>
    <subfield code="c">, 2011.</subfield>
  </datafield>
  <datafield tag="300" ind1=" " ind2=" ">
    <subfield code="a">103 p&#xE1;ginas</subfield>
    <subfield code="b">: ilustraciones.</subfield>
  </datafield>
  <datafield tag="337" ind1=" " ind2=" ">
    <subfield code="a">Texto </subfield>
  </datafield>
  <datafield tag="338" ind1=" " ind2=" ">
    <subfield code="a">Sin medio</subfield>
  </datafield>
  <datafield tag="339" ind1=" " ind2=" ">
    <subfield code="a">Volumen</subfield>
  </datafield>
  <datafield tag="490" ind1="0" ind2=" ">
    <subfield code="a">Serie Pangea, difusi&#xF3;n de la ciencia.</subfield>
  </datafield>
  <datafield tag="500" ind1=" " ind2=" ">
    <subfield code="a">Incluye &#xED;ndice anal&#xED;tico y glosario (pp.93-103)</subfield>
  </datafield>
  <datafield tag="505" ind1="0" ind2=" ">
    <subfield code="a">El mundo de Freud
Textos de Freud
- Represi&#xF3;n
- Sexualidad infantil
  - Autoerotismo
  - Fases del desarrollo de la organizaci&#xF3;n sexual
  - Organizaci&#xF3;n pregenital
Actos fallidos
Psicopatolog&#xED;a de la vida cotidiana
- Olvido de nombres propios
Interpretaci&#xF3;n de los sue&#xF1;os
Complejo de Edipo
El inconsciente.</subfield>
  </datafield>
  <datafield tag="600" ind1="1" ind2=" ">
    <subfield code="a">FREUD, SIGMUND</subfield>
    <subfield code="d">, 1856-1939</subfield>
    <subfield code="x">, BIOGRAF&#xCD;A</subfield>
    <subfield code="x">,TEXTOS - RECOPILACI&#xD3;N DE</subfield>
    <subfield code="9">7927</subfield>
  </datafield>
  <datafield tag="700" ind1=" " ind2=" ">
    <subfield code="a">Saslavsky, Martha</subfield>
    <subfield code="e">, autor.</subfield>
    <subfield code="9">7946</subfield>
  </datafield>
  <datafield tag="942" ind1=" " ind2=" ">
    <subfield code="c">LB</subfield>
    <subfield code="2">lcc</subfield>
  </datafield>
  <datafield tag="952" ind1=" " ind2=" ">
    <subfield code="0">0</subfield>
    <subfield code="1">0</subfield>
    <subfield code="4">0</subfield>
    <subfield code="7">0</subfield>
    <subfield code="a">04</subfield>
    <subfield code="b">04</subfield>
    <subfield code="d">2015-11-27</subfield>
    <subfield code="l">20</subfield>
    <subfield code="m">1</subfield>
    <subfield code="o">BF109.F7 A77</subfield>
    <subfield code="p">04 006000</subfield>
    <subfield code="r">2026-05-04</subfield>
    <subfield code="s">2026-04-29</subfield>
    <subfield code="t">1</subfield>
    <subfield code="w">2015-11-27</subfield>
    <subfield code="y">LB</subfield>
  </datafield>
  <datafield tag="999" ind1=" " ind2=" ">
    <subfield code="c">98542</subfield>
    <subfield code="d">98542</subfield>
  </datafield>
</record>
